000 00203nam a22000857a 4500
008 161205b xxu||||| |||| 00| 0 eng d
100 _91792
_aLav
245 _aHindi Story
260 _aNew delhi
_bEvershine
_c2011
999 _c4501
_d4501